01018nam a2200241Ia 4500001000600000003000900006008004100015040001300056040001300069041001300082100001900095100002900114245003300143245004600176250001100222260001100233260001300244260004900257300005900306500034100365650003900706650003100745B6891IT-RoPAU130308s9999 xx 000 0 und d aIT-RoPAU cIT-RoPAU aITALIANO aColombo Fausto gCodice Aut. SPICS: 14748 aComunicazione sintetica (La) bNuove tecnologie della Comunicazione (Le) a1a ed. aMILANO bBompiani c1993 [1° Ed.:1993 - Ed.Ling.Originale:1993] a"33 p. (prefazione: no ; testo: 33 [pagine: 265-297])" aNuove tecnologie e Questione dell'Interpretazione. Computer Come Metamedium: Articolazione del Linguaggio Informatico, Questioni di Rappresentazione,Dal testo All'Ipertesto, Oltre Il Metalinguaggio, Computer Come Metaambiente. idea di Comunicazione Sintetica. Società Sintetica: Spazio Sintetico, Tempo Sintetico, Soggetto Sintetico. aTEORIA DELLA COMUNICAZIONE SOCIALE eCodice materia Spics: 3802